000 00606cam a22002053a 4500
001 40614
003 PGUSA
005 20140828083915.0
008 120829s2012||||xxu|||||s|||||000 | eng d
040 _aPGUSA
_beng
042 _adc
100 1 _aSafroni-Middleton, A.
245 1 0 _aGabrielle of the Lagoon :
_bA Romance of the South Seas
_h[electronic resource] /
_cA. Safroni-Middleton
260 _bProject Gutenberg,
_c2012
506 _aPublic domain in the USA.
516 _aElectronic text
830 0 _aProject Gutenberg
_v40614
856 4 0 _uhttp://www.gutenberg.org/ebooks/40614
942 _cEB
999 _c269867
_d269867